[Event "Split op 12th"]
[Site "Split"]
[Date "2023.08.06"]
[Round "2"]
[White "Martinovic, Sasa"]
[Black "Bertok, Mario Jr"]
[Result "1-0"]
[WhiteElo "2552"]
[BlackElo "2091"]
[PlyCount "83"]
[EventDate "2023.08.05"]
[EventType "swiss"]
[EventRounds "9"]
[EventCountry "CRO"]
[SourceTitle "CBM 215 Extra"]
[Source "ChessBase"]
[SourceDate "2023.09.30"]
[SourceVersion "1"]
[SourceVersionDate "2023.09.30"]
[SourceQuality "1"]

1. d4 Nf6 2. c4 e6 3. Nf3 Bb4+ 4. Nbd2 d5 5. Qa4+ Nc6 6. a3 Be7 7. e3 0-0 8. Qc2 a5 9. b3 Nb8 10. Bb2 Nbd7 11. Bd3 h6 12. 0-0 b6 13. cxd5 exd5 14. Rac1 c5 15. Rfd1 Bb7 16. a4 Rc8 17. Qb1 Bd6 18. Nf1 Re8 19. Ng3 Bxg3 20. hxg3 Qe7 21. Ba1 Ne4 22. Qb2 f6 23. Qe2 Nb8 24. Nh4 Qe6 25. g4 Nc6 26. dxc5 bxc5 27. f3 Nd6 28. Rxc5 Nb4 29. Bd4 Nxd3 30. Qxd3 Rxc5 31. Bxc5 Nf7 32. Qb5 Bc6 33. Qxa5 d4 34. Bxd4 Qxb3 35. Ra1 Ng5 36. Nf5 Bxf3 37. Qc7 Ne6 38. Qd7 Rd8 39. Qe7 Bxg4 40. Nxh6+ gxh6 41. Qxf6 Rxd4 42. exd4 1-0

[Event "Zagreb Hulak Memorial op 4th"]
[Site "Zagreb"]
[Date "2019.12.12"]
[Round "7"]
[White "Nguyen, Piotr"]
[Black "Bertok, Mario Jr"]
[Result "1-0"]
[WhiteElo "2413"]
[BlackElo "2055"]
[PlyCount "103"]
[EventDate "2019.12.07"]
[EventType "swiss"]
[EventRounds "9"]
[EventCountry "CRO"]
[SourceTitle "CBM 193 Extra"]
[Source "ChessBase"]
[SourceDate "2020.01.31"]
[SourceVersion "1"]
[SourceVersionDate "2020.01.31"]
[SourceQuality "1"]

1. d4 Nf6 2. Nf3 e6 3. Bg5 c5 4. e3 cxd4 5. exd4 Be7 6. c3 b6 7. Nbd2 Bb7 8. Bd3 a6 9. 0-0 0-0 10. Re1 Nd5 11. Bxe7 Qxe7 12. Nf1 d6 13. Ng3 Nf6 14. Bc2 Qc7 15. Qd3 Nbd7 16. Ng5 h6 17. N5e4 Rfe8 18. Qf3 Nxe4 19. Bxe4 Bxe4 20. Rxe4 Rac8 21. Nh5 Nf8 22. Rg4 Ng6 23. h4 Kh7 24. Nxg7 Kxg7 25. h5 Rg8 26. Re1 Kh7 27. hxg6+ Rxg6 28. Rxg6 Kxg6 29. Qd3+ Kg7 30. Qxa6 Rg8 31. Re3 Kh8 32. Qd3 Rg5 33. Rg3 Kg7 34. Qe3 Kf6 35. Qf4+ Kg6 36. Qe4+ Kg7 37. Qh4 Kg6 38. Rh3 h5 39. f4 Rf5 40. g4 Ra5 41. f5+ exf5 42. Qxh5+ Kf6 43. g5+ Ke6 44. Re3+ Kd5 45. Qf3+ Kc4 46. Qf1+ Kd5 47. Qf3+ Kc4 48. Qe2+ Kd5 49. Re7 Qd8 50. Qf3+ Kc4 51. b3+ Kb5 52. a4+ 1-0